000
00302nam a2200109 4500
008
160702b xxu||||| |||| 00| 0 eng d
100
_9
1793
_a
Goel, V
245
_a
Women Poets of India an Anthology
260
_a
New Delhi
_b
Arya
_c
2004
300
_a
Women Poets of India an Anthology
942
_2
ddc
_c
BK
999
_c
1496
_d
1496